Statistics for Countries Closest to India A-Z

Click here to take the quiz!

General Stats

  • This quiz has been taken 266 times
    (77 since last reset)
  • The average score is 18 of 25

Answer Stats

letter country % Correct
BBhutan
94%
AAfghanistan
91%
BBangladesh
91%
CChina
89%
SSri Lanka
86%
IIndonesia
85%
PPakistan
83%
OOman
83%
NNepal
82%
YYemen
80%
QQatar
77%
UUzbekistan
75%
ZZambia
75%
VVietnam
72%
LLaos
71%
RRussia
68%
MMaldives
66%
JJapan
66%
TTajikistan
62%
HHungary
54%
GGeorgia
52%
DDjibouti
52%
KKyrgyzstan
49%
FFinland
46%
EEthiopia
38%

Score Distribution

Percentile by Number Answered

Percent of People with Each Score

Your Score History

You have not taken this quiz since the last reset